00888nam a2200205 a 450000100100000000500170001000800410002702000150006804000250008310000280010824500960013626000590023230000200029149000290031150000730034083000360041395201050044995201110055499900170066500004050220201002034156.0130826s2006 mx 000 0 spa d a9703201407 aDO-SdBNPbspacBNPHU1 aNoriega, Alfonso96681113aLa Declaración de los Derechos del Hombre y la Constitución de 1857 /cAlfonso Noriega. aMéxico :bUniversidad Autónoma de México,c2006. a28 p. ;c22 cm.1 aEstudios jurídicosv28 aIncluye referencias bibliográficas y notas al pie de las páginas00aEstudios jurídicosn28966812 001050718MOaGRbGRcCTd2013-08-26iLF1l0o p40502-10r2020-06-25w2020-06-25y1ZNo se presta 001050718MOaGRbGRcCTd2013-08-26iLF1l0o p40502-20r2020-06-25te. 2w2020-06-25y1ZNo se presta c39992d39992